|
|
|
|
| LEADER |
03115nam a2200601 4500 |
| 001 |
978-3-540-39737-3 |
| 003 |
DE-He213 |
| 005 |
20191022121403.0 |
| 007 |
cr nn 008mamaa |
| 008 |
121227s2003 gw | s |||| 0|eng d |
| 020 |
|
|
|a 9783540397373
|9 978-3-540-39737-3
|
| 024 |
7 |
|
|a 10.1007/b14229
|2 doi
|
| 040 |
|
|
|d GrThAP
|
| 050 |
|
4 |
|a QA75.5-76.95
|
| 050 |
|
4 |
|a QA76.63
|
| 072 |
|
7 |
|a UY
|2 bicssc
|
| 072 |
|
7 |
|a COM014000
|2 bisacsh
|
| 072 |
|
7 |
|a UY
|2 thema
|
| 072 |
|
7 |
|a UYA
|2 thema
|
| 082 |
0 |
4 |
|a 004.0151
|2 23
|
| 245 |
1 |
0 |
|a Computer and Information Sciences -- ISCIS 2003
|h [electronic resource] :
|b 18th International Symposium, Antalya, Turkey, November 3-5, 2003, Proceedings /
|c edited by Adnan Yazici, Cevat Sener.
|
| 250 |
|
|
|a 1st ed. 2003.
|
| 264 |
|
1 |
|a Berlin, Heidelberg :
|b Springer Berlin Heidelberg :
|b Imprint: Springer,
|c 2003.
|
| 300 |
|
|
|a XXXVIII, 1670 p.
|b online resource.
|
| 336 |
|
|
|a text
|b txt
|2 rdacontent
|
| 337 |
|
|
|a computer
|b c
|2 rdamedia
|
| 338 |
|
|
|a online resource
|b cr
|2 rdacarrier
|
| 347 |
|
|
|a text file
|b PDF
|2 rda
|
| 490 |
1 |
|
|a Lecture Notes in Computer Science,
|x 0302-9743 ;
|v 2869
|
| 505 |
0 |
|
|a Invited Talk -- Architectures and Systems -- Computer Science Theory -- Database and Information Retrieval -- E-Business -- Graphics & Computer Vision -- Intelligent Systems and Robotics -- Multimedia -- Networks and Security -- Parallel and Distributed Computing -- Soft Computing -- Software Engineering -- Multimedia Modeling and the Security in the Next Generation Network Information Systems.
|
| 650 |
|
0 |
|a Computers.
|
| 650 |
|
0 |
|a Computer organization.
|
| 650 |
|
0 |
|a Software engineering.
|
| 650 |
|
0 |
|a Artificial intelligence.
|
| 650 |
|
0 |
|a Optical data processing.
|
| 650 |
1 |
4 |
|a Theory of Computation.
|0 http://scigraph.springernature.com/things/product-market-codes/I16005
|
| 650 |
2 |
4 |
|a Information Systems and Communication Service.
|0 http://scigraph.springernature.com/things/product-market-codes/I18008
|
| 650 |
2 |
4 |
|a Computer Systems Organization and Communication Networks.
|0 http://scigraph.springernature.com/things/product-market-codes/I13006
|
| 650 |
2 |
4 |
|a Software Engineering/Programming and Operating Systems.
|0 http://scigraph.springernature.com/things/product-market-codes/I14002
|
| 650 |
2 |
4 |
|a Artificial Intelligence.
|0 http://scigraph.springernature.com/things/product-market-codes/I21000
|
| 650 |
2 |
4 |
|a Computer Imaging, Vision, Pattern Recognition and Graphics.
|0 http://scigraph.springernature.com/things/product-market-codes/I22005
|
| 700 |
1 |
|
|a Yazici, Adnan.
|e editor.
|4 edt
|4 http://id.loc.gov/vocabulary/relators/edt
|
| 700 |
1 |
|
|a Sener, Cevat.
|e editor.
|4 edt
|4 http://id.loc.gov/vocabulary/relators/edt
|
| 710 |
2 |
|
|a SpringerLink (Online service)
|
| 773 |
0 |
|
|t Springer eBooks
|
| 776 |
0 |
8 |
|i Printed edition:
|z 9783662186190
|
| 776 |
0 |
8 |
|i Printed edition:
|z 9783540204091
|
| 830 |
|
0 |
|a Lecture Notes in Computer Science,
|x 0302-9743 ;
|v 2869
|
| 856 |
4 |
0 |
|u https://doi.org/10.1007/b14229
|z Full Text via HEAL-Link
|
| 912 |
|
|
|a ZDB-2-SCS
|
| 912 |
|
|
|a ZDB-2-LNC
|
| 912 |
|
|
|a ZDB-2-BAE
|
| 950 |
|
|
|a Computer Science (Springer-11645)
|